名古屋市営バス 系統番号に付く地名 - Statistics

General Stats
  • This quiz has been taken 104 times
  • The average score is 25 of 37
Answer Stats
系統番号 Answer % Correct
幹線1~2、11~18、20~27
99%
11、12、14~16、18~23、25、26 金山
93%
幹線1~2、11~26、29 名駅
91%
幹線1、12~15 新瑞
86%
11、13 千種
81%
11~14 徳重
80%
11、12 八事
79%
幹線1~2、11~13 星丘
76%
幹線1、11、12
76%
幹線1、11~14 中村
74%
幹線1~2、11、12、15、16 神宮
74%
11、12 上社
73%
11、12 平針
71%
11のみ 守山
71%
幹線1、11、12 藤丘
70%
幹線1、11 本郷
70%
11、12 植田
70%
幹線1のみ 一社
69%
幹線1、12~18 高畑
69%
11のみ 鶴舞
69%
11、12 鳴海
69%
11のみ 池下
67%
11、13 曽根
67%
幹線1、11~16 鳴子
67%
11、12、14 黒川
63%
11、13、16 名港
63%
幹線1 砂田
63%
幹線1 築地
60%
11、12 小田
59%
11のみ 小幡
59%
11、12 茶屋
57%
11、13 有松
57%
11、12 東海
54%
11のみ 相生
50%
11のみ 吹上
44%
11のみ 春田
41%
11のみ 志段味
39%
No matching quizzes found
Score Distribution
Percent of People with Each Score
Percentile by Number Answered
Your Score History
You have not taken this quiz